000 00432nam a2200157Ia 4500
003 GCL
008 140319s9999 xx 000 0 eng d
040 _aGCL /
_cGCL
082 0 4 _a004.6
_bT I
100 1 _aTHOMAS, BRIAN J.
245 1 0 _aTHE INTERNET FOR SCIENTISTS AND ENGINEERS. /
_cTHOMAS, BRIAN J.
260 _a[S.N] :
_bOXFORD UNIVERSITY PRESS ،
_c1996
650 0 4 _aINTERNET
650 0 4 _aNETWORK SYSTEM
942 _2ddc
_cBK
999 _c13037
_d13037